Deep Learning (Record no. 226447)

MARC details
000 -LEADER
fixed length control field 00474nam a2200169Ia 4500
008 - FIXED-LENGTH DATA ELEMENTS--GENERAL INFORMATION
fixed length control field 230714s9999 xx 000 0 und d
020 ## - INTERNATIONAL STANDARD BOOK NUMBER
International Standard Book Number 9780000000000
041 ## - LANGUAGE CODE
Language code of text/sound track or separate title eng
082 ## - DEWEY DECIMAL CLASSIFICATION NUMBER
Classification number 006.32
Item number GOO
100 ## - MAIN ENTRY--PERSONAL NAME
Personal name Goodfellow I.
9 (RLIN) 201938
245 ## - TITLE STATEMENT
Title Deep Learning
260 ## - PUBLICATION, DISTRIBUTION, ETC. (IMPRINT)
Date of publication, distribution, etc. 2016
Name of publisher, distributor, etc. The MIT Press
300 ## - PHYSICAL DESCRIPTION
Extent 775
365 ## - TRADE PRICE
Currency code Rs.
Price amount 5984.00
700 ## - ADDED ENTRY--PERSONAL NAME
Personal name Goodfellow I.; Bengio Y. & Courville A.
9 (RLIN) 201939
906 ## - LOCAL DATA ELEMENT F, LDF (RLIN)
d O:0687924-Jan-2020B:IN 4416-Jan-2020
c BCOMP
b 9169.88

No items available.